| 000 | 00916cam a2200277 a 4500 | ||
|---|---|---|---|
| 001 | 3016674 | ||
| 003 | NUST - PNEC | ||
| 005 | 20170116180956.0 | ||
| 008 | 941108s1995 nyuab 001 0 eng | ||
| 010 | _a 94042687 | ||
| 020 | _a0471044067 (acidfree paper) | ||
| 040 | _cLIBRARY | ||
| 082 | 0 | 0 | _a650.0285 KOE |
| 100 | 1 |
_aKoegler, Scott, _d1948- |
|
| 245 | 1 | 0 |
_aMultisite systems integration _cScott Koegler. |
| 260 |
_aNew York : _bWiley, _cc1995. |
||
| 300 |
_axxii, 250 p. : _bill., map ; _c24 cm. |
||
| 500 | _a"A Wiley-QED publication." | ||
| 500 | _aIncludes index. | ||
| 630 | 0 | 0 | _aNetWare. |
| 630 | 0 | 0 | _aUNIX (Computer file) |
| 650 | 0 |
_aLocal area networks (Computer networks) _xMIS |
|
| 906 |
_a7 _bcbc _corignew _d1 _eocip _f19 _gy-gencatlg |
||
| 942 |
_2ddc _cBK |
||
| 999 |
_c66539 _d66539 |
||